| 000 | 01392nam a2200313Ia 4500 | ||
|---|---|---|---|
| 003 | OSt | ||
| 005 | 20250729150151.0 | ||
| 008 | 191128t1986 ag o er 000 j spa d | ||
| 020 | _a9501501450 | ||
| 040 |
_aCO-JMCR _cCO-JMCR |
||
| 041 | 1 |
_aspa _heng |
|
| 082 | 0 | 4 |
_aA-C _bBACj |
| 100 | 1 |
_aBach, Richard, _eautor _9766 |
|
| 245 | 1 | 0 |
_aJuan Salvador Gaviota / _cRichard Bach ; fotografías de Russell Munson ; traducción de Carol y Frederick Howell |
| 260 |
_aBuenos Aires : _bJavier Vergara Editor, _c©1986 |
||
| 300 |
_a93 páginas : _bfotografías a blanco y negro ; _c22 cm. |
||
| 500 | _aIncluye datos biográficos del autor en solapa trasera | ||
| 500 | _aTítulo original: Jonathan Livingston Seagull | ||
| 520 | _a"Con este cuento, el autor crea una metáfora con las gaviotas, comparando la realidad de los seres humanos. Explica cómo debemos valernos o seguir a nuestro propio instinto, es decir, a pensar por uno mismo sin tener en cuenta la opinión de los demá | ||
| 546 | _aTraducido del inglés | ||
| 650 | 1 | 4 |
_aCuentos estadounidenses _9767 |
| 650 | 1 | 4 |
_aLiteratura estadounidense _ySiglo XX _9768 |
| 650 | 1 | 4 |
_aMetáforas en literatura _9769 |
| 650 | 2 | 4 |
_aSolidaridad en la literatura _9770 |
| 700 | 1 |
_aMunson, Russell, _efotógrafo _9771 |
|
| 700 | 1 |
_aHowell, Carol, _etraductora _9772 |
|
| 700 | 1 |
_aHowell, Frederick, _etraductor _9773 |
|
| 942 |
_2ddc _cBK |
||
| 999 |
_c3576 _d3576 |
||